Central Library OPAC University of Rajshahi

Report of the Constitution Commission, Pakistan, 1961 / (Record no. 46508)

MARC details
000 -LEADER
fixed length control field 00711nam a2200217 a 4500
001 - CONTROL NUMBER
control field 46508
003 - CONTROL NUMBER IDENTIFIER
rucl marc code BD-RjUL
005 - DATE AND TIME OF LATEST TRANSACTION
control field 20250424100506.0
008 - FIXED-LENGTH DATA ELEMENTS--GENERAL INFORMATION
fixed length control field 160802s1962 pk 000 0 eng d
035 ## - SYSTEM CONTROL NUMBER
System control number (BD-RjUL)46627
040 ## - CATALOGING SOURCE
Original cataloging agency DLC
Transcribing agency CUY
Modifying agency BD-RjUL
Language of cataloging eng
041 ## - LANGUAGE CODE
Language code of text/sound track or separate title eng
082 ## - DEWEY DECIMAL CLASSIFICATION NUMBER
Edition number 23
Author mark and year PAR 1962
Classification number 342.549
110 1# - MAIN ENTRY--CORPORATE NAME
Corporate name or jurisdiction name as entry element Pakistan.
Subordinate unit Constitution Commission.
9 (RLIN) 172940
245 10 - TITLE STATEMENT
Title Report of the Constitution Commission, Pakistan, 1961 /
Statement of responsibility, etc. Pakistan Constitution Commission
260 ## - PUBLICATION, DISTRIBUTION, ETC. (IMPRINT)
Place of publication, distribution, etc. Karachi :
Name of publisher, distributor, etc. Manager of Publications,
Date of publication, distribution, etc. 1961, 1962
300 ## - PHYSICAL DESCRIPTION
Pagination 178 p. ;
Size 25 cm.
650 #0 - SUBJECT ADDED ENTRY--TOPICAL TERM
Topical term or geographic name as entry element Constitutional law
Geographic subdivision Pakistan.
9 (RLIN) 141385
Topical term or geographic name as entry element Constitutional history
Geographic subdivision Pakistan
Form subdivision Sources
9 (RLIN) 141894
942 ## - ADDED ENTRY ELEMENTS (KOHA)
Source of classification or shelving scheme Dewey Decimal Classification
Koha item type Books
Holdings
Lost status Source of classification or shelving scheme Damaged status Not for loan Collection code Permanent Location Current Location Shelving location Date acquired Source of acquisition Cost, normal purchase price Total Checkouts Full call number Date last seen Copy number Koha item type
  Dewey Decimal Classification     Non-fiction Central Library, University of Rajshahi Central Library, University of Rajshahi   19/12/1962 Mohiuddin & Sons 1.50   342.549 PAR1962 02/08/2016 C-2 Books
  Dewey Decimal Classification     Non-fiction Central Library, University of Rajshahi Central Library, University of Rajshahi   08/04/1967 Pakistan law house 1.50   342.549 PAR 1962 29/11/2016 C-3 Books
  Dewey Decimal Classification   Not For Loan Non-fiction Central Library, University of Rajshahi Central Library, University of Rajshahi Reading Room 24/04/2025       342.549 PAR 1961 24/04/2025 C-1 Books
  Dewey Decimal Classification     Non-fiction Central Library, University of Rajshahi Central Library, University of Rajshahi General Stacks 10/11/2025       342.549 PAR 1961 10/11/2025 C-4 Books